000 00942nam a2200241Ia 4500
005 20250622124034.0
008 250617s9999||||xx |||||||||||||| ||ara||
020 _a9789933221492
082 0 4 _a"658,4038"
_bع ذ
100 0 _aعلاء محمد ساعى
245 1 0 _aالذكاء الاصطناعى :
_bآفاقه وتطبيقاته فى مجال الإدارة الحديثة /
_cعلاء محمد ساعى
250 _aط1
260 3 _aدمشق :
_b"دار مؤسسة رسلان للطباعة والنشر والتوزيع،"
_c2024.
300 _a200ص :
_bصور ؛
_c24سم.
650 _aالإدارة
_x تطوير
650 _aالإدارة بالمعلومات
650 _aالتخطيط
650 _aالتنمية الإدارية
650 _aالذكاء الاصطناعى
650 _aالذكاء الاصطناعى
_x الإدارة الحديثة
942 _cBK
999 _c67619
_d67619